000 01606ngm a22003970a 4500
001 PT36866
003 AR-LpoUNG
005 20210202000507.0
007 vd cvaizq
008 191001s2006||||ag |||||||||||||||||spa d
040 _aAR-LpoUNG
_bspa
_cAR-LpoUNG
_eaacr
041 _aspa
044 _aag
082 0 _a982.064 645caz
100 1 _aBlaustein, David
_edir.
245 1 0 _aCazadores de utopías
260 _aBuenos Aires :
_bSBP,
_c2006.
300 _aDVD (150 min.) : son., col.
505 0 _aHecha en 1995. - Créditos: Guión, Ernesto Jauretche; jefe de producción; Rodolfo Hermida, asistente de dirección, Marcelo Schapces; fotografía, Alejandro Fernández Mouján; montaje, Juan Carlos Macias; música, Litto Nebbia; investigación, Ernesto Jauretche y Mercedes Depino.
520 _a<p>Documental que analiza la trayectoria del movimiento Montonero de la d&eacute;cada del setenta a trav&eacute;s de reportajes recientes a quienes militaron en sus filas como dirigentes combatientes en los mandos intermedios y a otros testigos pol&iacute;ticos privilegiados.</p>
650 4 _aARGENTINA
650 4 _aASPECTOS POLITICOS
650 4 _aDICTADURA
650 4 _aGOBIERNO MILITAR
650 4 _aHISTORIA
650 4 _aHISTORIA POLITICA
650 4 _aPARTICIPACION POLITICA
651 4 _aArgentina
653 _aCINE ARGENTINO
653 _aDOCUMENTALES
653 _aVIDEOS
710 2 _aInstituto Nacional de Cinematografía y Artes Visuales (Argentina)
710 2 _aZafra Cine Difusión (firma comercial : Buenos Aires)
905 _a36866
942 _cDVD
999 _c54959
_d54959